Creasy and Resnik's maternal-fetal medicine : (Record no. 170599)

MARC details
000 -LEADER
fixed length control field 01493cam a2200421 i 4500
001 - CONTROL NUMBER
control field 1057762012
003 - CONTROL NUMBER IDENTIFIER
control field OSt
005 - DATE AND TIME OF LATEST TRANSACTION
control field 20250604100008.0
008 - FIXED-LENGTH DATA ELEMENTS--GENERAL INFORMATION
fixed length control field 181019t20192019paua b 001 0 eng
020 ## - INTERNATIONAL STANDARD BOOK NUMBER
International Standard Book Number 9780323479103 (hardcover)
024 ## - OTHER STANDARD IDENTIFIER
Terms of availability USD 56.00
040 ## - CATALOGING SOURCE
Original cataloging agency NUST
Language of cataloging eng
Description conventions rda
Transcribing agency NUST
Modifying agency NUST
050 #4 - LIBRARY OF CONGRESS CALL NUMBER
Classification number RG526 CRE
245 00 - TITLE STATEMENT
Title Creasy and Resnik's maternal-fetal medicine :
Remainder of title principles and practice /
Statement of responsibility, etc. editors, Robert Resnik, Charles J. Lockwood, Thomas R. Moore, Michael F. Greene, Joshua A. Copel, Robert M. Silver
250 ## - EDITION STATEMENT
Edition statement Eighth edition.
260 ## - PUBLICATION, DISTRIBUTION, ETC.
Place of publication, distribution, etc. Phildadephia :
Name of publisher, distributor, etc. Elsevier,
Date of publication, distribution, etc. ©2019.
300 ## - PHYSICAL DESCRIPTION
Extent xviiii, 1388 pages :
Other physical details color illustrations ;
Dimensions 29 cm.
336 ## - CONTENT TYPE
Content type term text
Content type code txt
Source rdacontent
337 ## - MEDIA TYPE
Media type term unmediated
Media type code n
Source rdamedia
338 ## - CARRIER TYPE
Carrier type term volume
Carrier type code nc
Source rdacarrier
504 ## - BIBLIOGRAPHY, ETC. NOTE
Bibliography, etc. note Includes bibliographical references and index.
650 12 - SUBJECT ADDED ENTRY--TOPICAL TERM
General subdivision Fetal Diseases.
650 22 - SUBJECT ADDED ENTRY--TOPICAL TERM
Form subdivision Fetus --- physiology.
650 22 - SUBJECT ADDED ENTRY--TOPICAL TERM
General subdivision Pregnancy --- physiology.
650 22 - SUBJECT ADDED ENTRY--TOPICAL TERM
General subdivision Pregnancy Complications.
650 22 - SUBJECT ADDED ENTRY--TOPICAL TERM
General subdivision Prenatal Diagnosis.
650 #0 - SUBJECT ADDED ENTRY--TOPICAL TERM
General subdivision Obstetrics
650 #0 - SUBJECT ADDED ENTRY--TOPICAL TERM
General subdivision Perinatology
650 #0 - SUBJECT ADDED ENTRY--TOPICAL TERM
General subdivision Pregnancy --- Physiology
650 #0 - SUBJECT ADDED ENTRY--TOPICAL TERM
General subdivision Prenatal diagnosis
650 #0 - SUBJECT ADDED ENTRY--TOPICAL TERM
General subdivision Fetus --- Physiology
700 1# - ADDED ENTRY--PERSONAL NAME
Personal name Resnik, Robert,
Relator term Editor
700 1# - ADDED ENTRY--PERSONAL NAME
Personal name Lockwood, Charles J.,
Relator term Editor
700 1# - ADDED ENTRY--PERSONAL NAME
Personal name Moore, Thomas R.,
Relator term Editor
700 1# - ADDED ENTRY--PERSONAL NAME
Personal name Greene, Michael F.,
Relator term Editor
700 1# - ADDED ENTRY--PERSONAL NAME
Personal name Copel, Joshua A.,
Relator term Editor
942 ## - ADDED ENTRY ELEMENTS (KOHA)
Source of classification or shelving scheme Library of Congress Classification
Koha item type Ordinary Loan Books
Edition Eighth edition
Classification part RG526
Call number prefix RG
Call number suffix CRE
Suppress in OPAC No
Holdings
Withdrawn status Lost status Source of classification or shelving scheme Damaged status Not for loan Collection Home library Current library Shelving location Date acquired Source of acquisition Cost, normal purchase price Total Checkouts Full call number Barcode Date last seen Accession number Cost, replacement price Price effective from Koha item type Public note
    LCC     NFIC MEDICAL MEDICAL GEN 06/04/2025 Book Aid International 56.00   RG526 CRE 92004053918 06/04/2025 60720 56.00 06/04/2025 BOOKS Donation
    LCC     NFIC MEDICAL MEDICAL GEN 06/04/2025 Book Aid International 56.00   RG526 CRE 92004053442 06/04/2025 60721 56.00 06/04/2025 BOOKS Donation